000 00673nam a2200181Ia 4500
005 20251020182610.0
008 200515s9999 xx 000 0 und d
082 _aSC/624.01/D69
100 _aDIAZ G., Aníbal
245 0 _aQuincha pre-fabricada : fabricación y construcción
260 _aLima
260 _c1984
300 _a65
520 _aEl sistema de "Quincha Prefabricada" ha quedado registrado como Sistema Constructivo No Convencional de acuerdo a la R.D. Nº 001-84-VC-9602, es un sistema sumamente versátil puesto que puede utilizarse tanto de manera masiva, mediante sencillos procesos d
650 _aPUB ININVI
650 _aQUINCHA
942 _cLIB
999 _c3305
_d3305